000 00335nam a22001457a 4500
003 OSt
005 20220223101209.0
008 220223b |||||||| |||| 00| 0 eng d
020 _a0077078039
040 _cHU
082 _a692.3
100 _aCox
_931236
245 _aWriting Specifications For Construction
942 _2ddc
_cBOOKS
_n0
999 _c31300
_d31300